PRIMARY mathematics: teaching theory and practice

Saved in:
Bibliographic Details
Format: Book
Language:English
Published: age Publications, 2014.
Tags: Add Tag
No Tags, Be the first to tag this record!

MARC

LEADER 00000nam a22000007a 4500
008 210126b ||||| |||| 00| 0 eng d
020 |a 978-1-4462-9559-5 
245 |a PRIMARY mathematics:   |b teaching theory and practice  |c Claire Mooney… [et al.].   |e (Achieving QTS)   |g v, 26lp.; ill. 
250 |b 7th ed.  
260 |b age Publications,   |c 2014.  |h Los Angeles: S  |i 692654   |i 692655  |l QA135.6 .P93  |m Mathematics – Study and teaching (Elementary) – Great Britain. 
500 |a “It includes references and index”. 
942 |a lcc  |c BK  |e Adeniran, F. A  |f 26/01/2021 
952 |0 0  |1 0  |2 lcc  |4 0  |6 QA01356 P93  |7 0  |9 2337  |a HOL  |b SL  |c QZ  |d 2021-04-27  |l 0  |o QA135.6 .P93  |p 2021-6191  |r 2021-04-27 00:00:00  |w 2021-04-27  |y BK 
952 |0 0  |1 0  |2 lcc  |4 0  |6 QA01356 P93  |7 0  |9 2338  |a HOL  |b HOL  |c QZ  |d 2021-04-27  |l 0  |o QA135.6 .P93  |p 2021-6192  |r 2021-04-27 00:00:00  |w 2021-04-27  |y BK 
999 |c 956  |d 956